Government debts and financial markets in Europe

Bibliographic Details
Corporate Author: ProQuest (Firm)
Other Authors: Piola Caselli, Fausto.
Format: Electronic eBook
Language:English
Published: London : Pickering & Chatto, 2008.
Series:Financial history (London, England) ; no. 5.
Subjects:
Online Access:Click to View
LEADER 01387nam a2200373 a 4500
001 EBC2126782
003 MiAaPQ
005 20200520144314.0
006 m o d |
007 cr cn|||||||||
008 080816s2008 enka sb 001 0 eng d
020 |z 9781851969623 
020 |z 9781851965588 
035 |a (MiAaPQ)EBC2126782 
035 |a (Au-PeEL)EBL2126782 
035 |a (CaPaEBR)ebr10209920 
035 |a (CaONFJC)MIL112511 
035 |a (OCoLC)918621966 
040 |a MiAaPQ  |c MiAaPQ  |d MiAaPQ 
043 |a e------ 
050 4 |a HJ8615  |b .G68 2008 
245 0 0 |a Government debts and financial markets in Europe  |h [electronic resource] /  |c edited by Fausto Piola Caselli. 
260 |a London :  |b Pickering & Chatto,  |c 2008. 
300 |a x, 338 p. :  |b ill. 
490 1 |a Financial history series ;  |v no. 5 
504 |a Includes bibliographical references and index. 
533 |a Electronic reproduction. Ann Arbor, MI : ProQuest, 2016. Available via World Wide Web. Access may be limited to ProQuest affiliated libraries. 
650 0 |a Debts, Public  |z Europe  |x History. 
650 0 |a Finance  |z Europe  |x History. 
655 4 |a Electronic books. 
700 1 |a Piola Caselli, Fausto. 
710 2 |a ProQuest (Firm) 
830 0 |a Financial history (London, England) ;  |v no. 5. 
856 4 0 |u https://ebookcentral.proquest.com/lib/matrademy/detail.action?docID=2126782  |z Click to View